Mixing income groups in public housing (Record no. 60155)

MARC details
000 -LEADER
fixed length control field 00730cam a2200229 4500
001 - CONTROL NUMBER
control field ABS61417
008 - FIXED-LENGTH DATA ELEMENTS--GENERAL INFORMATION
fixed length control field 000000n1999 000 0 eng u
035 ## - SYSTEM CONTROL NUMBER
System control number (Sirsi) u100560
100 ## - MAIN ENTRY--PERSONAL NAME
Personal name Ambrose, B.W.
245 ## - TITLE STATEMENT
Title Mixing income groups in public housing
260 ## - PUBLICATION, DISTRIBUTION, ETC.
Date of publication, distribution, etc. 1999
490 ## - SERIES STATEMENT
Series statement Wharton Real Estate Review
Volume/sequential designation 3(2) Fall 1999, 7-15(5)
520 ## - SUMMARY, ETC.
Summary, etc. Discusses a new programme, Hope IV, in America which is intended to end poor public housing by recreating and supporting sustainable communities. Tables.
590 ## - LOCAL NOTE (RLIN)
Local note ABS
650 ## - SUBJECT ADDED ENTRY--TOPICAL TERM
Topical term or geographic name entry element PUBLIC HOUSING
650 ## - SUBJECT ADDED ENTRY--TOPICAL TERM
Topical term or geographic name entry element UNITED STATES
650 ## - SUBJECT ADDED ENTRY--TOPICAL TERM
Topical term or geographic name entry element HOUSING PROGRAMME
650 ## - SUBJECT ADDED ENTRY--TOPICAL TERM
Topical term or geographic name entry element POVERTY
690 ## - LOCAL SUBJECT ADDED ENTRY--TOPICAL TERM (OCLC, RLIN)
Topical term or geographic name as entry element OVERSEAS-NORTH AMERICA
700 ## - ADDED ENTRY--PERSONAL NAME
Personal name Grigsby, W.
942 ## - ADDED ENTRY ELEMENTS (KOHA)
Suppress in OPAC 0
Holdings
Withdrawn status Lost status Source of classification or shelving scheme Damaged status Not for loan Home library Current library Shelving location Date acquired Total Checkouts Full call number Barcode Date last seen Copy number Price effective from Koha item type
    Dewey Decimal Classification     London London Journal article 19/10/1999   ABS61417 100560-1001 06/08/2019 1 06/08/2019 Journal article